000
00165nam a2200073Ia 4500
008
170524s9999 xx 000 0 und d
100
_a
SHARPE
245
0
_a
INVESTMENTS
260
_b
HIMALYA PUB. HOUSE
999
_c
7905
_d
7905